The noble scholar, jurist, historian


 His Excellency Dr. Abdul Wahhab bin Ibrahim Abu Sulaiman, may Allah have mercy on him.


 He was born in Umm Al-Qura in the year 1356 AH.

الشيخ عبد الرحمن المعلمي وجهوده في السنة ورجالها / (Record no. 3459)

MARC details
000 -LEADER
fixed length control field 01134cam a2200265 i 4500
003 - CONTROL NUMBER IDENTIFIER
control field SA-RiAUC
005 - DATE AND TIME OF LATEST TRANSACTION
control field 20241214055525.0
008 - FIXED-LENGTH DATA ELEMENTS--GENERAL INFORMATION
fixed length control field 241212s1998 su f 000 0bara c
040 ## - CATALOGING SOURCE
Original cataloging agency SA-RiIMS
Language of cataloging ara
Transcribing agency SA-RiAUC
Description conventions rda
082 04 - DEWEY DECIMAL CLASSIFICATION NUMBER
Classification number 234.65
090 ## - LOCALLY ASSIGNED LC-TYPE CALL NUMBER (OCLC); LOCAL CALL NUMBER (RLIN)
Classification number (OCLC) (R) ; Classification number, CALL (RLIN) (NR) 234.65
Local cutter number (OCLC) ; Book number/undivided call number, CALL (RLIN) س م ا
100 1# - MAIN ENTRY--PERSONAL NAME
Personal name السماري، منصور بن عبد العزيز،
Dates associated with a name 1384 هجري-
Relator term مؤلف.
245 12 - TITLE STATEMENT
Title الشيخ عبد الرحمن المعلمي وجهوده في السنة ورجالها /
Statement of responsibility, etc. منصور بن عبد العزيز السماري.
250 ## - EDITION STATEMENT
Edition statement الطبعة الأولى.
264 #1 - PRODUCTION, PUBLICATION, DISTRIBUTION, MANUFACTURE, AND COPYRIGHT NOTICE
Place of production, publication, distribution, manufacture الخبر، السعودية :
Name of producer, publisher, distributor, manufacturer دار ابن عفان للنشر والتوزيع،
Date of production, publication, distribution, manufacture, or copyright notice 1998
300 ## - PHYSICAL DESCRIPTION
Extent 354 صفحة ؛
Dimensions 24 سم.
336 ## - CONTENT TYPE
Content type term نص
Content type code txt
Source rdacontent
Materials specified كتاب
337 ## - MEDIA TYPE
Media type term بدون وسيط
Media type code n
Source rdamedia
338 ## - CARRIER TYPE
Carrier type term مجلد
Carrier type code nc
Source rdacarrier
490 0# - SERIES STATEMENT
Series statement رسائل جامعية ؛
Volume/sequential designation 7
600 17 - SUBJECT ADDED ENTRY--PERSONAL NAME
Personal name المعلمي، عبد الرحمن بن يحيى بن علي،
Dates associated with a name 1313-1386 هجري
Source of heading or term aucnm
650 #7 - SUBJECT ADDED ENTRY--TOPICAL TERM
Topical term or geographic name entry element المحدثون
Form subdivision تراجم
Source of heading or term aucsh
942 ## - ADDED ENTRY ELEMENTS (KOHA)
Source of classification or shelving scheme Dewey Decimal Classification
Koha item type Books
Suppress in OPAC No
949 ## - LOCAL PROCESSING INFORMATION (OCLC)
a SA-JeALM
d 241212
u mohamedma123
n 1
Holdings
Withdrawn status Lost status Source of classification or shelving scheme Damaged status Not for loan Home library Current library Date acquired Total checkouts Full call number Barcode Date last seen Price effective from Koha item type
    Dewey Decimal Classification     DR AbdElwahab Library DR AbdElwahab Library 12/14/2024   234.65 س م ا 000005197 12/14/2024 12/14/2024 Books
    Dewey Decimal Classification     DR AbdElwahab Library DR AbdElwahab Library 12/15/2024   234.65 س م ا 000005145 12/15/2024 12/15/2024 Books